00339nam a2200109Ia 4500008004100000041000800041082002300049100001700072245009400089260003700183300000900220230411s9999 xx 000 0 und d aeng aN/613.2/SOH/B07295 aSohi Darshan aComprehensive Textbook of Nutrition and Therapeutic Diets for BSc and Post Basic Students bJaypee BrothersaNew Delhic2012 a272p